000 00397nam a2200181Ia 4500
001 10085
005 20260306161805.0
008 260306t2010||||xx |||||||||||||| ||spa||
041 _aESP
082 _aGR 883
_bH12 2010
100 _aHomero
_eAUT
245 0 _aIlíada
260 _c2010
300 _a580 páginas :
_c21 cm.
650 _aGEN
654 _aCHU
942 _cLIB
_dJUS
_fJUS
_2ddc
_n
999 _c10085
_d10085